00335nam a2200133 a 450000500170000000800410001705000170005810000260007524500270010126000370012852000060016565000210017165000090019220140414132032.0110317s19uu xx 00 eng d aTRbM58 1997 aDePaola, Tomie, 1934- aMice squeak, we speak. aNew York :bScholastic ,cc1997. a  aSound effectsx  a x